Modelado de tráfico : un enfoque desde la calidad de la experiencia /

Detalles Bibliográficos
Autores principales: Bermúdez Orozco, Héctor Fabio (Autor), Arciniegas Herrera, José Luis (Autor), Campo Muñoz, Wilmar Yesid (Autor)
Formato: Electrónico eBook
Lenguaje:español
Publicado: Popayán, Colombia : Editorial Universidad del Cauca, 2023.
Edición:Primera edición en español.
Materias:
Acceso en línea:Digitalia Hispánica

MARC

LEADER 00000nam a2200000Ii 4500
001 DIGUCAUCA0172
003 NyNyDIG
006 m o d
007 cr |||||||||||
008 250611s2023 ck a ob 001 0 spa d
035 |a (OCoLC)1517261715 
040 |a DGITA  |b eng  |e rda  |e pn  |c DGITA 
020 |a 9789587326475  |q digital 
020 |z 9789587326505  |q impreso 
050 1 4 |a TK5103.2 ebook 
100 1 |a Bermúdez Orozco, Héctor Fabio,  |e author. 
245 1 0 |a Modelado de tráfico :  |b un enfoque desde la calidad de la experiencia /  |c Héctor Fabio Bermúdez Orozco, José Luis Arciniegas Herrera, Wilmar Yesid Campo Muñoz. 
250 |a Primera edición en español. 
264 1 |a Popayán, Colombia :  |b Editorial Universidad del Cauca,  |c 2023. 
300 |a 1 online resource :  |b illustrations. 
336 |a text  |b txt  |2 rdacontent 
337 |a computer  |b c  |2 rdamedia 
338 |a online resource  |b cr  |2 rdacarrier 
347 |a text file  |2 rdaft  
347 |b PDF 
504 |a Includes bibliographical references and index. 
588 0 |a Online resource; title from PDF title page (Digitalia, viewed June 11, 2025) 
650 0 |a Wireless communication systems  |x Research. 
650 0 |a Data transmission systems. 
650 0 |a Streaming technology (Telecommunications) 
700 1 |a Arciniegas Herrera, José Luis,  |e author. 
700 1 |a Campo Muñoz, Wilmar Yesid,  |e author. 
776 0 8 |i Print version:  |a Bermúdez Orozco, Héctor Fabio.  |t Modelado de tráfico.  |b Primera edición en español.  |d Popayán, Colombia : Editorial Universidad del Cauca, 2023  |z 9789587326505 
791 2 |a Digitalia (Firm),  |e distributor. 
793 0 |g Digitalia eBook Collection:  |a Editorial Universidad del Cauca 
856 4 0 |3 Digitalia Hispánica  |u https://www.digitaliapublishing.com/a/173796/ 
910 |a Premium collection: 2025